[Event "Tromsoe Bjornsens Forste tt"]
[Site "Tromsoe"]
[Date "2006.04.21"]
[Round "1"]
[White "Fjellheim, Marius"]
[Black "Enoksen, Christer"]
[Result "1-0"]
[WhiteElo "1294"]
[BlackElo "670"]
[PlyCount "41"]
[EventDate "2006.04.21"]
[EventType "team"]
[EventRounds "5"]
[EventCountry "NOR"]
[SourceTitle "EXT 2008"]
[Source "ChessBase"]
[SourceDate "2007.11.25"]
[SourceVersion "1"]
[SourceVersionDate "2007.11.25"]
[SourceQuality "1"]

1. d4 d5 2. Nf3 c6 3. c4 e6 4. Nc3 Ne7 5. e4 g6 6. Bg5 Bg7 7. e5 0-0 8. Qd2 h6 9. Bxh6 Nf5 10. Bxg7 Kxg7 11. cxd5 cxd5 12. Bd3 Rh8 13. 0-0-0 Nc6 14. Bc2 Bd7 15. Rdg1 Qb6 16. Bxf5 gxf5 17. g4 fxg4 18. Rxg4+ Kf8 19. Qg5 Rc8 20. Qg7+ Ke7 21. Qf6+ 1-0